000 01812nam a2200361 a 4500
001 00003821
003 DO-SdBNP
005 20180312132700.0
007 00003821
008 091117s2005 dr a 000 0 spa d
020 _a9945110632
040 _aBPMSU
_bspa
_cBPMSU
092 _a372.84
_bR696r 4to. 2005
100 1 _aRodríguez, Federico
245 0 0 _aReligión 4 :
_beducación básica /
_cFederico Rodríguez ; dirección editorial Obdulia García de Escobar ; ilustración José Amado Polanco.
260 _aSanto Domingo :
_bSantillana,
_c2005.
300 _a95 p. :
_bil., retrs. ;
_c28 cm.
490 1 _aÁmbar
500 _aEste libro ha sido realizado de conformidad con el currículum vigente y ha sido sometido a la aprobación de la SEEBAC "Secretaría de Estado de Educación Bellas Artes y Cultos"
505 _tDios cuenta con nosotros --
_tNecesitamos ayuda --
_tLa buena noticia --
_tEl mejor de todos los hombres --
_tEl hijo de Dios --
_t¡Formamos una gran familia! --
_t¡Vale la pena confiar en Él! --
_tAsí son los amigos de Jesús --
_tSomos amigos de la verdad --
_tDefensores de la vida y de la paz --
_tPerdonamos y somos tolerantes --
_tCuando la oración es una fiesta --
_tEn toda la tierra se habla de Jesús --
_tPodemos cambiar el mundo.
650 4 _aRELIGIÓN
_xENSEÑANZA BÁSICA
650 4 _aRELIGIÓN
_xEDUCACIÓN PRIMARIA
650 4 _aRELIGIÓN
_xESTUDIOS Y EJERCICIOS
650 _aRELIGIÓN
_xLIBROS DE TEXTOS
650 4 _aEDUCACIÓN PRIMARIA
_zREPÚBLICA DOMINICANA
700 1 2 _aGarcía de Escobar, Obdulia,
_eed.
700 1 2 _aPolanco, José Amado,
_eil.
830 0 _aÁmbar
910 _aValidado. Control de calidad MFF
942 _2ddc
_cBK
945 _aRemanejado para la BNPHU / 2018 VM
956 _aLOPEREZ
_b10
_c20150405
_lBPMSU
_h0041
999 _c9551
_d9551